[Event "I Partida"]
[Site "http://www.queenalice.com/game.php?id=304740"]
[Date "2007.11.16"]
[Round "-"]
[White "Alex_Gatinho"]
[Black "julisses"]
[Result "0-1"]
[WhiteElo "1459"]
[BlackElo "1585"]

1. e4 d5 2. exd5 Qxd5 3. Nc3 Qf5 4. Nf3 Nc6 5. Bd3 Qc5 6. Ne4 Qh5 7. O-O e6 8.
Nd4 Qe5 9. Nxc6 bxc6 10. g3 Bd6 11. Qg4 f5 12. Nxd6+ cxd6 13. f4 Qf6 14. c3 e5
15. fxe5 Qxe5 16. Rxf5 Bxf5 17. Qxf5 Nh6 18. Qxe5+ dxe5 19. Bc2 O-O-O 20. d4
exd4 21. cxd4 Rxd4 22. Be3 Rc4 23. Bb3 Re4 24. Bxa7 Ng4 25. Rc1 Ne5 26. Be6+ Kb7
27. Bc5 Rd8 28. Be7 Re8 29. Bf5 Nf3+ 30. Kg2 Re3 31. Bd6 g5 32. Bd7 Rd8 33.
Bxc6+ Kb6 0-1

[Event "II Partida"]
[Site "http://www.queenalice.com/game.php?id=304741"]
[Date "2007.11.16"]
[Round "-"]
[White "Alex_Gatinho"]
[Black "julisses"]
[Result "1-0"]
[WhiteElo "1542"]
[BlackElo "1634"]

1. d4 d6 2. e4 e5 3. dxe5 dxe5 4. Qxd8+ Kxd8 5. Nf3 f6 6. Nc3 Nh6 7. Nd5 Nc6 8.
Bb5 Nd4 9. Nxd4 exd4 10. Bxh6 gxh6 11. Nxf6 Bb4+ 12. c3 dxc3 13. O-O-O+ Bd6 14.
bxc3 Rf8 15. Nxh7 Rf7 16. e5 Rxh7 17. exd6 cxd6 18. Rxd6+ Rd7 19. Bxd7 Bxd7 20.
Rhd1 Ke7 21. Rxd7+ Kf6 22. R1d6+ Kg5 23. Rd5+ Kg6 24. R5d6+ Kg5 25. Rg7+ Kh5 26.
Rd5+ Kh4 27. f3 Re8 28. Rg4# 1-0

[Event "III Partida"]
[Site "http://www.queenalice.com/game.php?id=304742"]
[Date "2007.11.16"]
[Round "-"]
[White "Alex_Gatinho"]
[Black "julisses"]
[Result "0-1"]
[WhiteElo "1471"]
[BlackElo "1573"]

1. e4 e5 2. Nf3 Nc6 3. d4 Nf6 4. dxe5 Nxe4 5. Qd5 Nc5 6. Ng5 Qe7 7. Bc4 Ne6 8.
f4 f6 9. exf6 gxf6 10. Nxe6 dxe6 11. Qh5+ Qf7 12. Qxf7+ Kxf7 13. O-O Ke8 14. Nc3
e5 15. fxe5 Nxe5 16. Re1 Bc5+ 17. Kf1 Bf5 18. Bh6 Kd7 19. Rad1+ Kc6 20. Bb5+ Kb6
21. Bg7 Rhd8 22. Bxf6 Rxd1 23. Rxd1 Bxc2 24. Rd2 Rf8 25. Rxc2 Rxf6+ 26. Ke2 Rf2+
27. Kd1 Bd4 28. Rxf2 Bxf2 29. h3 Bd4 30. Be2 a5 31. Nd5+ Kc5 32. Nxc7 Bxb2 33.
Ne6+ Kd6 34. Nd8 b5 35. Nb7+ Kc7 36. Nxa5 Kb6 37. Nb3 Nc4 0-1

[Event "Challenge"]
[Site "http://www.queenalice.com/game.php?id=312240"]
[Date "2007.11.29"]
[Round "-"]
[White "Kleber_Willian"]
[Black "julisses"]
[Result "1-0"]
[WhiteElo "1705"]
[BlackElo "1596"]

1. e4 e5 2. Nf3 Bc5 3. d4 Bb4+ 4. c3 Ba5 5. dxe5 h6 6. Bd3 g5 7. Na3 Bb6 8. Nc4
g4 9. Nxb6 cxb6 10. Nd4 d5 11. Be2 f6 12. Bxg4 fxe5 13. Bxc8 Qxc8 14. Qh5+ Kf8
15. Nf5 Qe6 16. Qg5 hxg5 17. Bxg5 dxe4 18. g4 Nc6 19. O-O-O Nce7 20. Rd6 Qxa2
21. Kc2 Nd5 22. Bh6+ Nxh6 23. Nxh6 e3 24. fxe3 Nxe3+ 25. Kd3 Nc4 26. Rf1+ Kg7
27. Rf7# 1-0

[Event "Challenge"]
[Site "http://www.queenalice.com/game.php?id=324157"]
[Date "2007.12.22"]
[Round "-"]
[White "mandacaru"]
[Black "julisses"]
[Result "1-0"]
[WhiteElo "1531"]
[BlackElo "1584"]

1. e4 e5 2. Nf3 Bc5 3. Nxe5 Qh4 4. Nd3 Nf6 5. e5 Ne4 6. Qf3 Na6 7. g3 Ng5 8. Qg2
d5 9. gxh4 Ne4 10. Nxc5 Nexc5 11. Qxg7 Rf8 12. d4 Ne6 13. Qf6 Nxd4 14. Bg5 Nc6
15. Bb5 Bg4 16. Qe7# 1-0

[Event "AUTO-OPEN-960"]
[Site "http://www.queenalice.com/game.php?id=332473"]
[Date "2008.1.7"]
[Round "1"]
[White "vanomcz"]
[Black "julisses"]
[Result "1-0"]
[WhiteElo "1284"]
[BlackElo "1494"]

1. e4 d6 2. Nc3 e5 3. Nf3 Nf6 4. d3 Bg4 5. h3 Bxf3 6. Qxf3 Nc6 7. Nd5 Nxd5 8.
exd5 Nb4 9. Kd1 Qf6 10. c4 c6 11. Bd2 Na6 12. dxc6 b6 13. Qxf6 gxf6 14. g4 Rc8
15. Bg2 Nc5 16. Kc2 Rxc6 17. Bxc6+ Kd8 18. a4 Ne6 19. a5 Nd4+ 20. Kc3 Nxc6 21.
axb6 axb6 22. Be3 Be7 23. Ra8+ 1-0

[Event "AUTO-OPEN-960"]
[Site "http://www.queenalice.com/game.php?id=332474"]
[Date "2008.1.7"]
[Round "1"]
[White "julisses"]
[Black "vanomcz"]
[Result "0-1"]
[WhiteElo "1494"]
[BlackElo "1243"]

1. e4 e5 2. Bc4 Qe7 3. Nc3 Nf6 4. d3 c6 5. Bg5 d5 6. exd5 h6 7. Bxf6 Qxf6 8.
dxc6 Nxc6 9. Nd5 Qd6 10. Qf3 Nd4 11. Qh5 Nxc2+ 12. Kd1 Nxa1 13. a3 Be6 14. Qf3
Rc8 15. Qe4 Rxc4 16. Qxc4 Bxd5 17. Qc3 Qc5 18. Qxe5+ Be7 19. Qc3 Qxc3 20. bxc3
Bxg2 21. Kc1 Bxh1 22. Kb2 Bd6 23. Kxa1 Bxh2 24. Ne2 O-O 25. c4 Re8 26. Nd4 Be5
0-1

[Event "AUTO-OPEN-960"]
[Site "http://www.queenalice.com/game.php?id=332499"]
[Date "2008.1.7"]
[Round "1"]
[White "Pedro_tdi"]
[Black "julisses"]
[Result "1-0"]
[WhiteElo "1949"]
[BlackElo "1509"]

1. e4 e5 2. Nf3 Nc6 3. Bc4 d6 4. c3 Nf6 5. d3 Bg4 6. Bg5 Bxf3 7. Qxf3 a5 8. a3
a4 9. Nd2 Be7 10. O-O Na5 11. Bb5+ c6 12. Bxa4 O-O 13. b4 b5 14. Bc2 d5 15. bxa5
Qxa5 16. d4 1-0

[Event "AUTO-OPEN-960"]
[Site "http://www.queenalice.com/game.php?id=332500"]
[Date "2008.1.7"]
[Round "1"]
[White "julisses"]
[Black "Pedro_tdi"]
[Result "0-1"]
[WhiteElo "1453"]
[BlackElo "1968"]

1. e4 e5 2. Bc4 Bc5 3. Qh5 Qf6 4. Nh3 d6 5. O-O Ne7 6. Ng5 g6 7. Qh4 h6 8. Nf3
Qxh4 9. Nxh4 Nbc6 10. b3 Be6 11. d3 O-O-O 12. Nc3 Bd4 13. Bb2 Na5 14. Na4 Bxb2
15. Nxb2 c6 16. b4 Nxc4 0-1

[Event "AUTO-OPEN-960"]
[Site "http://www.queenalice.com/game.php?id=332515"]
[Date "2008.1.7"]
[Round "1"]
[White "jnable"]
[Black "julisses"]
[Result "1-0"]
[WhiteElo "1980"]
[BlackElo "1570"]

1. e4 d5 2. exd5 Qxd5 3. Nc3 Qf5 4. d4 e5 5. d5 Bc5 6. Nf3 e4 7. Qe2 Ne7 8. Nxe4
b6 9. Nxc5 bxc5 10. Bg5 f6 11. Bh4 c6 12. d6 Qe6 13. dxe7 Qxe7 14. O-O-O O-O 15.
Qxe7 Bg4 16. Bc4+ 1-0

[Event "AUTO-OPEN-960"]
[Site "http://www.queenalice.com/game.php?id=332516"]
[Date "2008.1.7"]
[Round "1"]
[White "julisses"]
[Black "jnable"]
[Result "0-1"]
[WhiteElo "1511"]
[BlackElo "2060"]

1. e4 e5 2. Bc4 Nf6 3. Nc3 Nc6 4. Nf3 Bb4 5. Na4 O-O 6. c3 Be7 7. d4 exd4 8.
Nxd4 Nxe4 9. O-O d5 10. Bb5 Nxd4 11. cxd4 c6 12. Bd3 f5 13. b3 f4 14. Qf3 Ng5
15. Qh5 Rf6 16. Qxg5 Rf5 17. Qg4 h5 18. Qe2 f3 19. gxf3 Rf8 20. Rb1 Bg5 21. Bg6
Bxc1 22. Rbxc1 Qg5+ 23. Kh1 Qxg6 24. Rg1 Qf6 25. Rce1 Bf5 26. f4 Qxd4 27. Ref1
Qxf4 28. Qb2 Be4+ 29. f3 Bxf3+ 30. Rxf3 Qxf3+ 0-1

[Event "Challenge"]
[Site "http://www.queenalice.com/game.php?id=345971"]
[Date "2008.1.31"]
[Round "-"]
[White "julisses"]
[Black "mandacaru"]
[Result "0-1"]
[WhiteElo "1568"]
[BlackElo "1589"]

1. e4 e5 2. Bc4 Nf6 3. Nf3 d6 4. O-O Nxe4 5. Nc3 Nxc3 6. bxc3 d5 7. Bb5+ c6 8.
Ba4 Bd6 9. d4 Bg4 10. Rb1 b5 11. Bb3 e4 12. a4 Bxf3 13. gxf3 Qh4 14. f4 g5 15.
f3 gxf4 16. axb5 Rg8+ 17. Kh1 Qh3 18. bxc6 Qg2# 0-1

[Event "Challenge"]
[Site "http://www.queenalice.com/game.php?id=345972"]
[Date "2008.1.31"]
[Round "-"]
[White "julisses"]
[Black "Kleber_Willian"]
[Result "0-1"]
[WhiteElo "1482"]
[BlackElo "1635"]

1. e4 e5 2. Bc4 Nf6 3. Nf3 d5 4. Bb3 Bc5 5. O-O Nxe4 6. Nxe5 Qf6 7. d4 Bd6 8.
Bxd5 Bxe5 9. dxe5 Qg6 10. b3 Ng5 11. Bxg5 Qxg5 0-1

[Event "Challenge"]
[Site "http://www.queenalice.com/game.php?id=354930"]
[Date "2008.2.15"]
[Round "-"]
[White "mandacaru"]
[Black "julisses"]
[Result "1-0"]
[WhiteElo "1671"]
[BlackElo "1491"]

1. e4 e5 2. Nf3 Nc6 3. Nc3 Nf6 4. a3 Nd4 5. Nxe5 d5 6. d3 h5 7. Bg5 Be7 8. Nxd5
Nxd5 9. exd5 Qxd5 10. Bf4 g5 11. c4 Qe6 12. Qd2 gxf4 13. Qxf4 Bc5 14. O-O-O Rg8
15. h3 f6 16. Re1 Bd6 17. Qxd4 fxe5 18. Qh4 Rh8 19. d4 Bd7 20. f4 Qf5 21. g4 Qh7
22. c5 Ba4 23. Qxh5+ Kd7 24. Qxh7+ Rxh7 25. cxd6 cxd6 26. Bd3 Rf7 27. Bf5+ Ke8
28. dxe5 dxe5 29. Bg6 Rc8+ 30. Kb1 Kf8 31. Bxf7 Kxf7 32. fxe5 Bc2+ 33. Ka2 1-0

[Event "AUTO-INT-625"]
[Site "http://www.queenalice.com/game.php?id=356326"]
[Date "2008.2.18"]
[Round "2"]
[White "dlabedz"]
[Black "julisses"]
[Result "1-0"]
[WhiteElo "1301"]
[BlackElo "1429"]

1. d4 e6 2. d5 Nh6 3. c4 Qh4 4. g3 Qxc4 5. e3 Qxd5 6. f3 Qe5 7. Nc3 Bb4 8. Bd2
Bxc3 9. Bxc3 Qxe3+ 10. Qe2 Qxe2+ 11. Bxe2 O-O 12. O-O-O 1-0

[Event "AUTO-INT-625"]
[Site "http://www.queenalice.com/game.php?id=356327"]
[Date "2008.2.18"]
[Round "2"]
[White "julisses"]
[Black "dlabedz"]
[Result "0-1"]
[WhiteElo "1451"]
[BlackElo "1304"]

1. e4 d5 2. Nc3 c6 3. e5 e6 4. d4 f6 5. Nf3 b5 6. exf6 gxf6 7. g4 h6 8. h4 Nd7
9. g5 fxg5 10. hxg5 Qe7 0-1

[Event "AUTO-INT-625"]
[Site "http://www.queenalice.com/game.php?id=356332"]
[Date "2008.2.18"]
[Round "2"]
[White "julisses"]
[Black "fbn"]
[Result "0-1"]
[WhiteElo "1514"]
[BlackElo "1828"]

1. e4 e6 2. d4 c5 3. d5 exd5 4. exd5 Bd6 5. Nh3 Qa5+ 6. c3 b5 7. Qf3 f6 8. Na3
c4 9. Bf4 Bxa3 10. bxa3 Qxa3 0-1

[Event "AUTO-INT-625"]
[Site "http://www.queenalice.com/game.php?id=356333"]
[Date "2008.2.18"]
[Round "2"]
[White "fbn"]
[Black "julisses"]
[Result "1-0"]
[WhiteElo "1831"]
[BlackElo "1494"]

1. e4 e5 2. Nf3 Nc6 3. Nc3 Nh6 4. d4 exd4 5. Nxd4 Bb4 6. Nxc6 dxc6 7. Qxd8+ Kxd8
8. Be2 Bxc3+ 9. bxc3 f5 10. e5 Nf7 11. f4 a5 12. Bc4 Nh6 13. h3 Re8 14. Be3 a4
15. a3 1-0

[Event "AUTO-INT-625"]
[Site "http://www.queenalice.com/game.php?id=356334"]
[Date "2008.2.18"]
[Round "2"]
[White "julisses"]
[Black "Dangermouse"]
[Result "0-1"]
[WhiteElo "1500"]
[BlackElo "1743"]

1. e4 e6 2. d4 d5 3. e5 c5 4. Nf3 Nc6 5. Ng5 cxd4 6. Bb5 Bd7 7. Bxc6 Bxc6 8. Qf3
Qe7 9. b3 Rc8 10. Ba3 Qxg5 11. c3 dxc3 12. O-O c2 0-1

[Event "AUTO-INT-625"]
[Site "http://www.queenalice.com/game.php?id=356335"]
[Date "2008.2.18"]
[Round "2"]
[White "Dangermouse"]
[Black "julisses"]
[Result "1-0"]
[WhiteElo "1736"]
[BlackElo "1507"]

1. d4 e6 2. e4 d5 3. c3 dxe4 4. Nd2 Nf6 5. Qe2 g6 6. Nxe4 b6 7. Bg5 Bg7 8. Nf3
Qd5 9. Bxf6 O-O 10. g3 Qf5 11. Bxg7 Kxg7 12. Bg2 1-0